Types of Alkaloids - Statistics

General Stats
  • This quiz has been taken 6 times
  • The average score is 6 of 10
Answer Stats
Hint Answer % Correct
Associated with coffee, tea, and soda Caffeine
100%
Comes from 'coca' Cocaine
80%
Obtained from tobacco leaves Nicotine
80%
Naturally occurring low-efficacy opium alkaloid; used in many medical preparations; produces neuronal excitation Codeine
60%
Opiate alkaloid isolated from the plant Papaver somniferum and produced synthetically; used in medical practices; can be introduced into humans at hospitals through IV Morphine
60%
Natural extract from the Cinchona trees family; used in treatment against Malaria Quinine
60%
Cardiac stimulant; pupil dilator; antidote for some nerve gas poisoning Atropine
40%
Hemlock; exposure affects the periphery, blocking neuromuscular transmission onto skeletal and smooth muscles' Coniine
40%
Belladonna alkaloid derivative (Nightshade); tropane alkaloid; exhibits anticholinergic activity Hyoscyamine
40%
A benzophenanthridine alkaloid, an alkaloid antibiotic, and a botanical anti-fungal agent; causation of epidemic dropsy Sanguinarine
20%
No matching quizzes found
Score Distribution
Percent of People with Each Score
Percentile by Number Answered
Your Score History
You have not taken this quiz